H. G. Wells / (Record no. 65533)
[ view plain ]
| 000 -LEADER | |
|---|---|
| fixed length control field | 00915nam a2200241 a 4500 |
| 001 - CONTROL NUMBER | |
| control field | 65533 |
| 003 - CONTROL NUMBER IDENTIFIER | |
| rucl marc code | BD-RjUL |
| 005 - DATE AND TIME OF LATEST TRANSACTION | |
| control field | 20211209081433.0 |
| 008 - FIXED-LENGTH DATA ELEMENTS--GENERAL INFORMATION | |
| fixed length control field | 170308s1953 enkc b 000 0 eng c |
| 035 ## - SYSTEM CONTROL NUMBER | |
| System control number | (BD-RjUL)65663 |
| 040 ## - CATALOGING SOURCE | |
| Original cataloging agency | Rochester. Univ. Libr. |
| Transcribing agency | CCC |
| Modifying agency | Uk |
| -- | DLC |
| Language of cataloging | eng |
| 041 ## - LANGUAGE CODE | |
| Language code of text/sound track or separate title | eng |
| 082 ## - DEWEY DECIMAL CLASSIFICATION NUMBER | |
| Edition number | 23 |
| Classification number | 823.912 |
| Author mark and year | BEH 1953 |
| 100 1# - MAIN ENTRY--PERSONAL NAME | |
| Personal name | Belgion, Montgomery, |
| Dates associated with a name | 1892- |
| 9 (RLIN) | 193907 |
| 245 00 - TITLE STATEMENT | |
| Title | H. G. Wells / |
| Statement of responsibility, etc. | Montgomery Belgion |
| 260 ## - PUBLICATION, DISTRIBUTION, ETC. (IMPRINT) | |
| Place of publication, distribution, etc. | London, |
| -- | New York : |
| Name of publisher, distributor, etc. | Published for the British Council by Longmans, Green, |
| Date of publication, distribution, etc. | 1953 |
| 300 ## - PHYSICAL DESCRIPTION | |
| Pagination | 43 p. : |
| Illustrations | ill. ; |
| Size | 22 cm. |
| 490 1# - SERIES STATEMENT | |
| Series statement | Bibliographical series of supplements to British book news, |
| Volume/sequential designation | no. 40 |
| 504 ## - BIBLIOGRAPHY, ETC. NOTE | |
| Bibliography, etc | Bibliography: p. 37-43. |
| 600 10 - SUBJECT ADDED ENTRY--PERSONAL NAME | |
| Personal name | Wells, H. G. |
| Fuller form of name | (Herbert George), |
| Dates associated with a name | 1866-1946. |
| Titles and other words associated with a name | Authors, English |
| 830 #0 - SERIES ADDED ENTRY--UNIFORM TITLE | |
| Uniform title | Bibliographical series of supplements to British book news on writers and their work ; |
| Volume number/sequential designation | no. 40. |
| 942 ## - ADDED ENTRY ELEMENTS (KOHA) | |
| Source of classification or shelving scheme | Dewey Decimal Classification |
| Koha item type | Books |
| Lost status | Source of classification or shelving scheme | Damaged status | Not for loan | Collection code | Permanent Location | Current Location | Shelving location | Date acquired | Source of acquisition | Total Checkouts | Full call number | Date last seen | Copy number | Koha item type |
|---|---|---|---|---|---|---|---|---|---|---|---|---|---|---|
| Dewey Decimal Classification | Not For Loan | Non-fiction | Central Library, University of Rajshahi | Central Library, University of Rajshahi | Reading Room | 30/06/1961 | British council | 823.912 BEH 1953 | 08/03/2017 | C-1 | Books |